Common Errors - Statistics

General Stats
  • This quiz has been taken 274 times
    68 since last reset
  • The average score is 8 of 13
Answer Stats
Hint Answer % Correct
Capital of the USA New York
97%
Capital of Australia Sydney
93%
Capital of Canada Vancouver/Toronto
93%
Largest US State Texas
85%
Greenland is part of the continent ... Europe
74%
Santa was invented by ... Coca Cola
56%
The lowest possible Bacon number 1
54%
Switzerland has a capital yes
52%
Skopje is the capital of ... Macedonia
51%
Anne Frank was born in ... the Netherlands
51%
Has the least ethnic diversity Japan
43%
The capital of Kazakhstan Nur-Sultan
33%
(Supposed) autism is an excuse for doing a nazi salute yes
28%
No matching quizzes found
Score Distribution
Percent of People with Each Score
Percentile by Number Answered
Your Score History
You have not taken this quiz since the last reset